AH International Schools' Libraries

Doctor Maisy / (Record no. 26525)

MARC details
000 -LEADER
fixed length control field 01033cam a2200289 a 4500
001 - CONTROL NUMBER
control field 12253810
005 - DATE AND TIME OF LATEST TRANSACTION
control field 20180406132559.0
008 - FIXED-LENGTH DATA ELEMENTS--GENERAL INFORMATION
fixed length control field 001208s2001 maua a 000 1 eng
010 ## - LIBRARY OF CONGRESS CONTROL NUMBER
LC control number 00111827
020 ## - INTERNATIONAL STANDARD BOOK NUMBER
International Standard Book Number 0763616125 (alk. paper)
020 ## - INTERNATIONAL STANDARD BOOK NUMBER
International Standard Book Number 0763616133 (pbk. : alk. paper)
040 ## - CATALOGING SOURCE
Original cataloging agency DLC
Transcribing agency DLC
Modifying agency DLC
042 ## - AUTHENTICATION CODE
Authentication code lcac
050 00 - LIBRARY OF CONGRESS CALL NUMBER
Classification number PZ7.C83175
Item number Do 2001
082 00 - DEWEY DECIMAL CLASSIFICATION NUMBER
Classification number [E]
Edition number 21
100 1# - MAIN ENTRY--PERSONAL NAME
Personal name Cousins, Lucy.
9 (RLIN) 55447
245 10 - TITLE STATEMENT
Title Doctor Maisy /
Statement of responsibility, etc Lucy Cousins.
250 ## - EDITION STATEMENT
Edition statement 1st U.S. ed.
260 ## - PUBLICATION, DISTRIBUTION, ETC. (IMPRINT)
Place of publication, distribution, etc Cambridge, MA :
Name of publisher, distributor, etc Candlewick Press,
Date of publication, distribution, etc 2001.
300 ## - PHYSICAL DESCRIPTION
Extent 1 v. (unpaged) :
Other physical details col. ill ;
Dimensions 21 cm.
650 #1 - SUBJECT ADDED ENTRY--TOPICAL TERM
Topical term or geographic name as entry element Play
Form subdivision Fiction.
9 (RLIN) 55454
650 #1 - SUBJECT ADDED ENTRY--TOPICAL TERM
Topical term or geographic name as entry element Medical care
Form subdivision Fiction.
9 (RLIN) 55455
650 #1 - SUBJECT ADDED ENTRY--TOPICAL TERM
Topical term or geographic name as entry element Mice
Form subdivision Fiction.
9 (RLIN) 55456
856 42 - ELECTRONIC LOCATION AND ACCESS
Materials specified Publisher description
Uniform Resource Identifier <a href="http://www.loc.gov/catdir/enhancements/fy0608/00111827-d.html">http://www.loc.gov/catdir/enhancements/fy0608/00111827-d.html</a>
906 ## - LOCAL DATA ELEMENT F, LDF (RLIN)
a 7
b cbc
c orignew
d 2
e epcn
f 20
g y-gencatlg
942 ## - ADDED ENTRY ELEMENTS (KOHA)
Source of classification or shelving scheme
Holdings
Withdrawn status Lost status Source of classification or shelving scheme Damaged status Not for loan Home library Current library Date acquired Total Checkouts Full call number Barcode Date last seen Date checked out Price effective from Koha item type
          Asian Hope Primary Library Asian Hope Primary Library 06/05/2013 35 E COU 194129 02/03/2026 01/26/2026 06/05/2013 Book
          Logos International School Logos International School 01/01/2025 2 E COU 040448 05/23/2025 05/01/2025 01/01/2025 Book

For any Logos Library related questions please contact Miss Art at swongnarasuk@asianhope.org.

For any Asian Hope Library related questions please contact Miss Raza at graza@asianhope.org.

Powered by Koha